000 01978cam a2200433Ia 4500
001 820475578
003 OCoLC
005 20180521145358.0
008 121206t20122012nyua b 000 1 spa d
020 _a9780545458139
_qpaperback
020 _a0545458137
_qpaperback
035 _a(OCoLC)820475578
040 _aJJJ
_beng
_cJJJ
_dJJJ
_dZGH
041 1 _aspa
_heng
100 1 _aPark, Barbara.
_0http://id.loc.gov/authorities/names/n81019188.
240 1 0 _aJunie B. Jones is Captain Field Day.
_lSpanish.
245 1 0 _aJunie B. Jones es la capitana del Dia de Juegos /
_cBarbara Park ; ilustrado por Denise Brunkus ; [translated by Juan Pablo Lombana].
260 _aNew York :
_bScholastic,
_cc2012.
264 1 _aNew York :
_bScholastic,
_c[2012]
264 4 _cc2012.
300 _a69 pages :
_billustrations ;
_c20 cm.
336 _atext
_btxt
_2rdacontent.
337 _aunmediated
_bn
_2rdamedia.
338 _avolume
_bnc
_2rdacarrier.
385 _nage
_aChildren
_2lcdgt.
500 _a"Scholastic en espanol."
500 _aOriginally published in Englsih as Junie B. Jones is Captain Field Day.
520 _aAs captain of Room Nine's field day team, Junie B. Jones tries to rally her troops after they lose several events.
546 _aText in Spanish.
546 _aTexto en espanol.
650 0 _aWinning and losing
_vJuvenile fiction.
650 0 _aKindergarten
_0http://id.loc.gov/authorities/subjects/sh85072368
_vJuvenile fiction.
_0http://id.loc.gov/authorities/subjects/sh99001687.
650 0 _aSchools
_vJuvenile fiction.
_0http://id.loc.gov/authorities/subjects/sh2008111273.
650 0 _aSpanish language materials
_vJuvenile fiction.
655 7 _aFiction.
_2lcgft
_0http://id.loc.gov/authorities/genreForms/gf2014026339.
700 1 _aBrunkus, Denise,
_0http://id.loc.gov/authorities/names/n88082389
_eillustrator.
700 1 _aLombana, Juan Pablo,
_d1966-
_0http://id.loc.gov/authorities/names/no2010023979
_etranslator.
942 _cBK
_2ddc
999 _c20741
_d20741